Science Generator Puzzle #1 - Statistics

General Stats
  • This quiz has been taken 1,241 times
  • The average score is 12 of 21
Answer Stats
Clue Answer % Correct
Body part that helps you hear Ear
91%
Famous scientist Curie Marie
89%
Type of precipitation Rain
87%
What Saturn is famous for Ring
86%
One thousandth of a kilogram Gram
77%
Ribonucleic acid, abbreviation RNA
75%
Flightless Australian bird Emu
71%
Pink flesh inside your mouth Gum
71%
e.g. 44 years old Age
68%
System that resists infection Immune
68%
Rapid eye movement R.E.M.
68%
A microorganism with disease Germ
64%
Invisible, gaseous substance Air
52%
Solid waste of a horse Manure
45%
Relating to the ocean or sea Marine
44%
GERMANIUM
43%
Upper section of a horse Mane
37%
Piece of mineral crystal Gem
30%
Nitrogenous waste of mammals Urea
21%
Smooth, dark area of moon Mare
15%
Infared band close to visibility Near
6%
No matching quizzes found
Score Distribution
Percent of People with Each Score
Percentile by Number Answered
Your Score History
You have not taken this quiz